000
00420nam a22001217a 4500
003
SGT
082
_a
200
_b
H94M
100
_a
मित्तल, नैमिशरण
245
_a
हिन्दू तथा बौद्ध धर्म : समान आधार
260
_b
विश्व बौद्ध सांस्कृतिक प्रतिष्ठान
_c
1994
300
_a
169
942
_2
ddc
_c
BK
999
_c
31681
_d
31681